| 000 | 01040nam a2200241 i 4500 | ||
|---|---|---|---|
| 001 | 57218 | ||
| 003 | ES-MaACL | ||
| 005 | 20251002200913.0 | ||
| 007 | t| | ||
| 008 | 031015s1919 sp ||||1| spa d | ||
| 245 | 0 | 0 |
_aDocumentos para la historia de las instituciones de León y Castilla _b: (siglos X-XIII) / _ccoleccionadas por Eduardo de Hinojosa. |
| 260 |
_aMadrid : _bJunta para Ampliación de Estudios e Investigaciones Científicas, Centro de Estudios Históricos, _c1919 ( _fFortanet) |
||
| 300 |
_a217 p. ; _c26 cm. |
||
| 530 | _aDisponible en formato digital. | ||
| 546 | _aTextos en español y latín. | ||
| 651 | 4 |
_aLeón (Reino)- _xHistoria- _vFuentes. _9157979 |
|
| 651 | 4 |
_aCastilla (Reino)- _xHistoria- _vFuentes. _9146746 |
|
| 700 | 1 |
_aHinojosa y Naveros, Eduardo de, _d1852-1919 _9125519 |
|
| 710 | 2 |
_aCentro de Estudios Históricos. _92648 |
|
| 852 |
_aES-MaACL _jB-4922 |
||
| 856 |
_uhttp://bibliotecadigital.jcyl.es/es/consulta/registro.do?id=1332 _zBiblioteca Digital de Castilla y León |
||
| 999 |
_c57218 _d57218 |
||